000 00925cam a2200361 4500500
005 20260405003521.0
041 _afre
042 _adc
100 1 0 _aFereday, Jack
_eauthor
245 0 0 _aVoyage en psychédélie
260 _c2022.
500 _a48
690 _aChampignon
690 _aDrogue
690 _aDrogues
690 _aEgo
690 _aGuide
690 _aHallucination
690 _aHindouïsme
690 _aIdentité
690 _aMatérialisme
690 _aMétaphysique
690 _aMusique
690 _aMysticisme
690 _aPsychédélisme
690 _aRéalité
690 _aSpiritualité
690 _aSubstances
690 _aThérapie
690 _avision
786 0 _nPhilosophie magazine | 160 | 6 | 2022-06-01 | p. 15-18 | 1951-1787
856 4 1 _uhttps://shs.cairn.info/magazine-philosophie-magazine-2022-6-page-15?lang=fr&redirect-ssocas=7080
999 _c2068286
_d2068286